Normal view
MARC view
Entry Meeting Name
001 - CONTROL NUMBER
- control field: 6974
003 - CONTROL NUMBER IDENTIFIER
- control field: OSt
005 - DATE AND TIME OF LATEST TRANSACTION
- control field: 20211105132829.0
008 - FIXED-LENGTH DATA ELEMENTS
- fixed length control field: 211105|| aca||aabn | a|a d
040 ## - CATALOGING SOURCE
- Original cataloging agency: OSt
- Transcribing agency: OSt
111 ## - HEADING--MEETING NAME
- Meeting name or jurisdiction name as entry element: AIAA Conference on Thermophysics
- Number of part/section/meeting: 4th
- Location of meeting: San Francisco
- Date of meeting or treaty signing: 1969 June 16-18
670 ## - SOURCE DATA FOUND
- Source citation: Work cat.: (OSt): AIAA Conference on Thermophysics 4th San Francisco 1969 June 16-18, Thermophysics, 1970